Τζαζ και Μπλουζ
Αποθηκεύτηκε σε:
| Κύριος συγγραφέας: | |
|---|---|
| Άλλοι συγγραφείς: | , |
| Μορφή: | Βιβλίο |
| Γλώσσα: | Greek |
| Δημοσίευση: |
Αθήνα :
Index,
1991
|
| Θέματα: | |
| Ετικέτες: |
Προσθήκη ετικέτας
Δεν υπάρχουν, Καταχωρήστε ετικέτα πρώτοι!
|
MARC
| LEADER | 00000nam a2200000 i 4500 | ||
|---|---|---|---|
| 001 | 1/78126 | ||
| 008 | 960820s1991 gre d | ||
| 035 | |a 1993 |b 1 |c Σακελλαρίδης |l 10032844 | ||
| 040 | |a GR-MY-UA |b gre |e aacr | ||
| 041 | 0 | |a gre | |
| 082 | 0 | |a 781.6 | |
| 100 | 1 | |a Vulliamy, Graham. | |
| 245 | 1 | 0 | |a Τζαζ και Μπλουζ / |c Graham Vulliamy ; μετάφραση Μαίρη Καραγιαννοπούλου ; επιμέλεια Σάκης Παπαδημητρίου |
| 260 | |a Αθήνα : |b Index, |c 1991 | ||
| 300 | |a 200 σ. | ||
| 650 | 0 | 0 | |a African Americans |x Music. |
| 650 | 0 | 0 | |a Jazz |x History. |
| 650 | 0 | 0 | |a Blues (Music) |x History. |
| 700 | 1 | |a Καραγιαννοπούλου, Μαίρη. |4 trl | |
| 700 | 1 | |a Παπαδημητρίου, Σάκης |d 1940- |4 edt | |
| 852 | |a INST |b RHODES |e 19960820 |h 781.6 VUL |p 005400009496 |q 005400009496 |t BK |y 0 | ||
| 909 | |a Ρ |b 025586 |c 1993 | ||
| 970 | |z 2000/07/ΚΑΤΕΡΙΝΑ | ||